000 00556nam a2200169Ia 4500
008 090201s9999 xx 000 0 und d
010 _aKPL-28637
040 _bमराठी
041 _aमराठी
082 _a30519
_b28637
100 _aप्र. द. मराठे
245 _aभोवऱ्यात नाव माझी
_cप्र. द. मराठे
260 _c2004
_bप्रमोद प्रकाशन
300 _a374
_bमोठा
600 _aभोवऱ्यात नाव माझी
942 _cBOOK
999 _c229057
_d229057